000 02234nam0a2200385 4500
001 RU\NLR\bibl\1984052
005 20250616211229.0
010 _a978-5-397-03422-7
021 _aRU
_b2012-95060
_97038
035 _a(NLR Aleph) 001972700
090 _a3977954
_c3977954
100 _a20091120d2013 |||y0rusy50 ca
101 0 _arus
102 _aRU
105 _aa |||||||||
200 1 _aЛекции по классической теории вероятностей
_eучебное пособие для студентов высших учебных заведений, обучающихся по направлению подготовки "Техника и технологии" (УГС 090000, 200000, 210000, 220000, 230000)
_fС. Н. Дворяткина, Л. Н. Ляхов
205 _aИзд. 2-е, испр. и доп.
210 _aМосква
_cURSS
_cЛиброком
_d2013 [т.е. 2012]
215 _a181 с.
_cил.
_d22
300 _aНа 4-й с. обл. авт.: С.Н. Дворяткина, к.п.н., доц., Л.Н. Ляхов, д.ф.-м.н., проф.
300 _aНа обл. в подзаг.: случайные события и их вероятности, случайные величины и функции распределения, элементы теории случайных процессов
300 _aКн. фактически издана в 2012 г.
320 _aБиблиогр.: с. 181-182 (22 назв.)
606 1 _aВероятностей теория
_jУчебные издания для высших учебных заведений
_92081786
_3RU\NLR\auth\661257784
686 _aВ171я73-2
700 1 _4070
_aДворяткина
_bС. Н.
_cд-р пед. наук
_f1968-
_gСветлана Николаевна
_9225494
_3RU\NLR\AUTH\770225550
701 1 _4070
_aЛяхов
_bЛ. Н.
_cд-р физ.-мат. наук
_f1947-
_gЛев Николаевич
_9225497
_3RU\NLR\AUTH\770225553
801 0 _aRU
_bRuMoRKP
_c20091120
_grcr
801 1 _aRU
_bРГБ
_c20091120
801 2 _aRU
_bNLR
_c20121229
_grcr
830 _aавт. по кн.
942 _cBOOK
980 _aNB